000 00436 a2200145 4500
020 _aS/N
040 _aULA-LD-MS
082 _a658.3
100 _91102
_aDA SILVA, Salvador Izalino Boaventura
245 _aO Papel do ld̕er na motivaȯ̂ e satisfaȯ̂ dos Funcionr̀ios - um estudo na empresa pb͠lica ENDE-EP-Luanda
260 _aLuanda
_bUniversidade Lusa̕da
_c2019
300 _a93p
650 _aRecursos Humanos
942 _cTFC
999 _c2279
_d2279